| 000 | 00724nam a2200205 i 4500 | ||
|---|---|---|---|
| 001 | 56250 | ||
| 003 | ES-MaACL | ||
| 005 | 20230906163321.0 | ||
| 007 | t| | ||
| 008 | 031006s1962 sp d ||||1| spa d | ||
| 245 | 0 | 0 |
_aDiccionario de economía política / _cdirigido por Claudio Napoleoni ; traducción del italiano por José Blasco Martín, Adolfo Irauzo González, Pablo Ortega Rosales. |
| 260 |
_aMadrid : _bCastilla, _c1962. |
||
| 300 |
_a1605 p. ; _c25 cm. |
||
| 650 | 4 |
_aEconomía- _xDiccionarios. _912008 |
|
| 700 | 1 |
_aBlasco Martín, José. _929395 |
|
| 700 | 1 |
_aNapoleoni, Claudio. _984913 |
|
| 700 | 1 |
_aIrauzo González, Adolfo. _965425 |
|
| 700 | 1 |
_aOrtega Rosales, Pablo. _987489 |
|
| 852 | 4 |
_aES-MaACL _jC-21837 |
|
| 999 |
_c56250 _d56250 |
||